Ten Commandments- Sudden Death - Statistics

General Stats
  • This quiz has been taken 59 times
  • The average score is 9 of 10
Answers on the Grid
Answers color-coded by a green-red scale on the quiz's grid according to % correct below.
You shall not take the name of the Lord your God in vain.
You shall not steal.
You shall not murder.
You shall not make idols.
You shall not covet.
You shall not commit adultery.
You shall not bear false witness against your neighbor.
You shall have no other gods before Me.
Serve others.
Remember the Sabbath day, to keep it holy.
Make disciples.
Love your enemies.
Honor your father and your mother.
Forgive others.
Care for the vulnerable.
 
Answer Stats
Answer % Correct
You shall not take the name of the Lord your God in vain.
98%
You shall not bear false witness against your neighbor.
96%
You shall not murder.
96%
Honor your father and your mother.
94%
You shall not steal.
94%
You shall not commit adultery.
92%
You shall have no other gods before Me.
88%
You shall not covet.
86%
You shall not make idols.
84%
Remember the Sabbath day, to keep it holy.
82%
No matching quizzes found
Score Distribution
Percent of People with Each Score
Percentile by Number Answered
Your Score History
You have not taken this quiz